Naides es más que naides. Luis Rosadilla: el ministro más popular y un paradójico balance de gestión /

El presente artículo pretende destacar la labor del Ministro de Defensa Nacional de Uruguay durante el gobierno de José Mujica: Luis Rosadilla. Concretamente, intenta develar la paradoja de su figura en tanto se muestra como un ministro con gran popularidad, no obstante, al hacer una revisión del ba...

ver descrição completa

Na minha lista:
Detalhes bibliográficos
Autor principal: González Guyer, Julián
Formato: Texto
Assuntos:
Tags: Adicionar Tag
Sem tags, seja o primeiro a adicionar uma tag!

MARC

LEADER 00000 a a2200000 04500
001 45718
003
040 |a CRAI/IIS  |c CRAI/IIS 
100 |a González Guyer, Julián  
245 |a Naides es más que naides. Luis Rosadilla:   |b el ministro más popular y un paradójico balance de gestión /  |c Julián González Guyer  
520 |a El presente artículo pretende destacar la labor del Ministro de Defensa Nacional de Uruguay durante el gobierno de José Mujica: Luis Rosadilla. Concretamente, intenta develar la paradoja de su figura en tanto se muestra como un ministro con gran popularidad, no obstante, al hacer una revisión del balance de su gestión, se denotan las deficiencias de su labor en lo que respecta a la puesta en marcha de las reformas pendientes en el Ministerio de Defensa.  
590 |a AMB/JUNIO2014  
650 |a GOBIERNO  
650 |a DEFENSOR DEL PUEBLO  
650 |a POLITICAS PUBLICAS  
650 |a REFORMA ADMINISTRATIVA  
650 |a URUGUAY  
773 |g páginas 167-179  
999 |c 18408  |d 18408